| 000 | 00821cam a2200217 4500 | ||
|---|---|---|---|
| 001 | WB3705-18 | ||
| 008 | 000000n2001 000 0 eng u | ||
| 035 | _a(Sirsi) u110721 | ||
| 245 | _aSurvey doubts after results delay | ||
| 260 | _c2001 | ||
| 490 |
_aBuilding Homes _vJanuary 2001, 7(1) |
||
| 520 | _aIndustry players are questioning whether the National Customer Satisfaction Survey of new homes should be repeated in 2001. This is largely because homebuilders are still waiting to hear how they fared individually in the 2000 survey. The Housing Forum has failed to give an explanation for this severe delay. | ||
| 590 | _aWB | ||
| 650 | _aCUSTOMER SATISFACTION | ||
| 650 | _aNEW HOMES | ||
| 650 | _aHOUSE BUILDERS | ||
| 650 | _aSURVEY | ||
| 650 | _aHOUSING FORUM | ||
| 690 | _aHOUSING | ||
| 942 | _n0 | ||
| 999 |
_c65989 _d65989 |
||